000 00986nam a2200277 c 4500
003 BLK
005 20180422115551.0
008 180411b bul|||||r ||||||| ||bul||
010 _aKNG00196980000
040 _aBLK
041 _aBUL
_cBUL
080 _aБългарска литература
_b821.163.2
_x-1
_z821.163.2-1
100 1 _aСтоянов, Анастас Анастасов
_eпърви автор
_9373270
139 _aСтоянов, Анастас Анастасов
_bС 83
245 1 0 _aНа грешната земя
_bЛирика, сонети, стихотворения в проза
_cАнастас Анастасов Стоянов.
257 _aBGR
260 София
_bБълг. писател
_c1978
300 _a231 с.
_c17 см
380 _aX
500 _a1 613 тир.
852 _aЦб І 16755
856 4 _qpdf
_u
856 4 _qpdf
_u
942 _cKNG
_n0
944 _aCR
_c29.11.2016
_kКети_Илиева
944 _aED
_c29.11.2016
_kКети_Илиева
999 _c187963
_d187963